NBA Championships From 2000-2024 - Statistics

General Stats
  • This quiz has been taken 65 times
  • The average score is 24 of 25
Answer Stats
Hint Answer % Correct
2008 Celtics
100%
2024 Celtics
100%
2000 Lakers
100%
2001 Lakers
100%
2002 Lakers
100%
2009 Lakers
100%
2010 Lakers
100%
2020 Lakers
100%
2006 Heat
98%
2012 Heat
98%
2013 Heat
98%
2023 Nuggets
98%
2003 Spurs
98%
2005 Spurs
98%
2007 Spurs
98%
2014 Spurs
98%
2021 Bucks
97%
2011 Mavericks
97%
2019 Raptors
97%
2015 Warriors
97%
2017 Warriors
97%
2018 Warriors
97%
2022 Warriors
97%
2016 Cavaliers
95%
2004 Pistons
90%
No matching quizzes found
Score Distribution
Percent of People with Each Score
Percentile by Number Answered
Your Score History
You have not taken this quiz